Příběh umění

Bibliographic Details
Main Author: Gombrich, Ernst H., 1909-2001 (Author)
Other Authors: Tůmová, Miroslava (Translator)
Format: Book
Language:Czech
PhysicalDescription:558 s. 25 cm
Published: Praha Odeon 1992
ISBN:8020704167
Edition:1. vyd.
Series:Klub čtenářů sv. 671

MARC

LEADER 00000nam a2200000 a 4500
001 vtls001151140
003 SK-MaSNL
005 20260301063200.0
008 251031s1992 xr 0 cze
020 |a 8020704167 
035 |a SNK000094008 
040 |a SNK  |b slo  |c SNK  |e AACR2 
041 0 |a cze 
044 |a xr  |c CZ 
080 |a 72/76(100)(091)(084.12)  |2 1981 
100 1 |a Gombrich, Ernst H.,  |d 1909-2001  |4 aut  |9 227291 
240 1 4 |a The Story of Art  |l Česky 
245 1 0 |a Příběh umění  |c Ernst Hans Gombrich ; Přel. Miroslava Tůmová 
250 |a 1. vyd. 
260 |a Praha  |b Odeon  |c 1992 
300 |a 558 s.  |c 25 cm 
490 0 |a Klub čtenářů  |v sv. 671 
700 1 |a Tůmová, Miroslava  |4 trl  |9 378511 
852 |a Slovenská národná knižnica 
919 |a 80-207-0416-7 
958 |a SV 
968 |d Z angl. orig. 
999 |c 623201  |d 625131 
952 |t P60, <04>, [BOOK], {604}  |a SNK  |b SNK  |y VYP  |7 0  |p 17A0594035  |o snkIC 123470  |0 0  |1 0  |4 0  |d 1997-01-17  |l 0  |r 2005-01-01 00:00:00  |w 2026-02-23